| 000 | 00533nam a22001937a 4500 | ||
|---|---|---|---|
| 003 | OSt | ||
| 005 | 20140310181705.0 | ||
| 008 | 121120t xxu||||| |||| 00| 0 eng d | ||
| 020 | _a0195810376 | ||
| 050 |
_aPZ 8 _b.C532 1977 |
||
| 082 |
_aKF _bC43og #3 |
||
| 100 |
_aChia, Benjamin _95546 |
||
| 245 |
_aBattle of Wits at Crimson Cliff _cBenjamin Cliff ; illustrated by: David Cheung |
||
| 260 |
_aHongkong _bOxford University Press _c1977 |
||
| 300 |
_b75 p.; _c21 cm |
||
| 541 | _j1 | ||
| 562 | _e1 | ||
| 942 |
_2lcc _cBK-KF _kKF |
||
| 999 |
_c1288 _d1288 |
||